[Event "EU-chT Seniors 12th"]
[Site "Dresden"]
[Date "2010.02.13"]
[Round "4"]
[White "Saharinen, Petri"]
[Black "Rost van Tonningen, Otto"]
[Result "1/2-1/2"]
[WhiteElo "1857"]
[BlackElo "2058"]
[PlyCount "117"]
[EventDate "2010.02.10"]
[EventType "team-swiss"]
[EventRounds "9"]
[EventCountry "GER"]
[SourceTitle "CBM 134 Extra"]
[Source "ChessBase"]
[SourceDate "2010.03.03"]
[SourceVersion "1"]
[SourceVersionDate "2010.03.03"]
[SourceQuality "1"]
[WhiteTeam "Helsinki (Seniors)"]
[BlackTeam "Oranje (Seniors)"]
[WhiteTeamCountry "FIN"]
[BlackTeamCountry "NED"]

1. d4 Nf6 2. c4 c5 3. d5 b5 4. cxb5 a6 5. b6 Qxb6 6. Nc3 d6 7. e4 Nbd7 8. Nf3 g6 9. Be2 Bg7 10. 0-0 0-0 11. Rb1 Rb8 12. Bf4 Ng4 13. h3 Nge5 14. Nxe5 Nxe5 15. Bg5 Re8 16. f4 c4+ 17. Kh1 Nd3 18. Bxd3 cxd3 19. Qxd3 a5 20. Qd2 f5 21. b3 Qb4 22. Rbc1 Ba6 23. Rfe1 fxe4 24. Nxe4 Rbc8 25. Rxc8 Rxc8 26. Qxb4 axb4 27. Bxe7 Rc2 28. Bxd6 Rxa2 29. Bxb4 Bb7 30. d6 Bc6 31. Nd2 Bf6 32. Nf3 Bxf3 33. gxf3 Kf7 34. Bc5 Rb2 35. b4 Rc2 36. Rd1 Bd8 37. Ra1 Ke6 38. Ra8 Bf6 39. Re8+ Kd7 40. Re4 Bd8 41. Kg1 Bf6 42. Bd4 Bd8 43. Be5 Bb6+ 44. Bd4 Bd8 45. Bc5 Bf6 46. Re1 Rc4 47. Rd1 Rc2 48. Bf2 Rc4 49. b5 Rxf4 50. Kg2 Rb4 51. b6 Rb2 52. Kg3 Be5+ 53. f4 Bxf4+ 54. Kxf4 Rxf2+ 55. Kg5 Rb2 56. Kh6 Rxb6 57. Kxh7 Rb3 58. h4 Rh3 59. Kxg6 1/2-1/2

[Event "Hessen-ch Seniors op 05th"]
[Site "Bad Sooden-Allendorf"]
[Date "2009.05.02"]
[Round "8"]
[White "Rost van Tonningen, Otto"]
[Black "Barlo, Werner"]
[Result "1-0"]
[WhiteElo "1938"]
[BlackElo "1759"]
[PlyCount "127"]
[EventDate "2009.04.25"]
[EventType "swiss"]
[EventRounds "9"]
[EventCountry "GER"]
[SourceTitle "EXT 2022"]
[Source "ChessBase"]
[SourceDate "2021.10.06"]
[SourceVersion "1"]
[SourceVersionDate "2021.10.06"]
[SourceQuality "1"]

1. e4 e6 2. b3 d5 3. Bb2 Nf6 4. e5 Nfd7 5. f4 c5 6. Qg4 Nc6 7. Nf3 Nb4 8. Na3 a6 9. Be2 g6 10. 0-0 b5 11. Kh1 Bg7 12. Ng5 Qe7 13. c3 Nc6 14. Nc2 Nb6 15. d4 cxd4 16. Ba3 Qd7 17. cxd4 h6 18. Nf3 Ne7 19. Ne3 0-0 20. Qh3 Re8 21. Ng4 Nf5 22. Nf6+ Bxf6 23. exf6 h5 24. Ne5 Qd8 25. g4 hxg4 26. Nxg4 Nd7 27. Be7 Rxe7 28. fxe7 Qxe7 29. Nh6+ Kg7 30. Nxf5+ exf5 31. Rae1 Nf6 32. Bxb5 Qb4 33. Bc6 Rb8 34. Qd3 Rb6 35. Rc1 Be6 36. Qc3 Qa3 37. Qc5 Qxc5 38. Rxc5 Ne4 39. Rc2 Rb4 40. Rd1 Rb6 41. Kg2 a5 42. Ba4 Kf6 43. Rc6 Rxc6 44. Bxc6 Ke7 45. Rc1 Kf6 46. Rc2 g5 47. Kf3 g4+ 48. Kg2 Kg6 49. a3 Kh5 50. b4 axb4 51. axb4 Nd6 52. b5 Nc4 53. Rc3 Kg6 54. Rb3 Nb6 55. Ra3 Nc4 56. Ra6 Bc8 57. Ra8 Be6 58. Rb8 Kf6 59. b6 Na5 60. Ba4 Ke7 61. Ra8 Nb7 62. Ra7 Bc8 63. Bc6 Kd6 64. Bxb7 1-0

[Event "Hessen-ch Seniors op 05th"]
[Site "Bad Sooden-Allendorf"]
[Date "2009.04.28"]
[Round "4"]
[White "Rost van Tonningen, Otto"]
[Black "Thielemann, Joachim"]
[Result "1/2-1/2"]
[WhiteElo "1938"]
[BlackElo "1817"]
[PlyCount "109"]
[EventDate "2009.04.25"]
[EventType "swiss"]
[EventRounds "9"]
[EventCountry "GER"]
[SourceTitle "EXT 2022"]
[Source "ChessBase"]
[SourceDate "2021.10.06"]
[SourceVersion "1"]
[SourceVersionDate "2021.10.06"]
[SourceQuality "1"]

1. d4 Nf6 2. Nf3 d5 3. Bf4 g6 4. h3 Bg7 5. e3 0-0 6. Be2 b6 7. 0-0 Bb7 8. c4 Nbd7 9. Nc3 a6 10. Rc1 e6 11. b4 dxc4 12. Bxc4 Rc8 13. Qe2 b5 14. Bb3 Nb6 15. e4 Qe7 16. a3 h6 17. Rc2 Rfd8 18. Re1 Qd7 19. Be5 Ne8 20. Bxg7 Kxg7 21. Rd1 Qe7 22. e5 Nd5 23. Ne4 Nf4 24. Qe3 Bxe4 25. Qxe4 Nd5 26. Bxd5 Rxd5 27. Rdc1 Rcd8 28. Rc5 R8d7 29. Qe3 Qd8 30. Rxd5 Rxd5 31. Qc3 Qa8 32. Qc6 Rd8 33. Kf1 Qxc6 34. Rxc6 Ra8 35. Rc5 Kf8 36. Nd2 Ke7 37. Nb3 Kd7 38. Na5 Rb8 39. Ke2 g5 40. g4 Ng7 41. Ke3 Rb6 42. Ke4 Ne8 43. f4 gxf4 44. Kxf4 c6 45. Rc1 Nc7 46. g5 h5 47. Kg3 Ne8 48. Kh4 Ng7 49. Nb3 Ke7 50. Rf1 Rb8 51. Rf6 Nf5+ 52. Kxh5 Rh8+ 53. Rh6 Rg8 54. Rf6 Rh8+ 55. Rh6 1/2-1/2

[Event "Hessen-ch Seniors op 05th"]
[Site "Bad Sooden-Allendorf"]
[Date "2009.04.27"]
[Round "3"]
[White "Blosze, Winfried"]
[Black "Rost van Tonningen, Otto"]
[Result "1/2-1/2"]
[WhiteElo "1760"]
[BlackElo "1938"]
[PlyCount "63"]
[EventDate "2009.04.25"]
[EventType "swiss"]
[EventRounds "9"]
[EventCountry "GER"]
[SourceTitle "EXT 2022"]
[Source "ChessBase"]
[SourceDate "2021.10.06"]
[SourceVersion "1"]
[SourceVersionDate "2021.10.06"]
[SourceQuality "1"]

1. e4 d6 2. d4 Nf6 3. Nc3 Nbd7 4. Nf3 e5 5. Bc4 Be7 6. 0-0 h6 7. Qe2 c6 8. a4 a5 9. Rd1 Qc7 10. Ba2 Nf8 11. h3 g5 12. dxe5 dxe5 13. Qc4 Ne6 14. Nh2 Rh7 15. Be3 b6 16. Qe2 Rg7 17. f3 Bc5 18. Bxe6 Bxe3+ 19. Qxe3 Bxe6 20. Rd2 Rd8 21. Rad1 Rxd2 22. Qxd2 Ke7 23. Ne2 Rg8 24. Qc3 Rd8 25. Rxd8 Kxd8 26. Ng4 Nxg4 27. hxg4 Qd6 28. Ng3 Qd4+ 29. Qxd4+ exd4 30. Kf2 Ke7 31. Ke2 Kd6 32. Kd3 1/2-1/2

[Event "EU-chT Seniors 11th"]
[Site "Velden"]
[Date "2009.04.12"]
[Round "8"]
[White "Taksrud, Vidar"]
[Black "Rost van Tonningen, Otto"]
[Result "1-0"]
[WhiteElo "2191"]
[BlackElo "2049"]
[PlyCount "89"]
[EventDate "2009.04.05"]
[EventType "team-swiss"]
[EventRounds "9"]
[EventCountry "AUT"]
[SourceTitle "CBM 129 Extra"]
[Source "ChessBase"]
[SourceDate "2009.05.05"]
[SourceVersion "2"]
[SourceVersionDate "2009.05.20"]
[SourceQuality "1"]

1. d4 d5 2. c4 e5 3. dxe5 d4 4. Nf3 Nc6 5. g3 Bc5 6. Bg2 a5 7. 0-0 Nge7 8. Nbd2 Ng6 9. Nb3 Ba7 10. Bg5 Qd7 11. c5 Ngxe5 12. Nxe5 Nxe5 13. Qxd4 Qxd4 14. Nxd4 Bxc5 15. Nb5 Bb6 16. Bf4 f6 17. Be3 Rb8 18. Bxb6 cxb6 19. Rac1 Nc6 20. Rfd1 Ke7 21. Bxc6 bxc6 22. Rxc6 Rd8 23. Rxd8 Kxd8 24. Rd6+ Ke7 25. Rd3 Ba6 26. Re3+ Kd7 27. Nd4 Rc8 28. f4 Rc1+ 29. Kf2 Rd1 30. Nf5 g6 31. Re7+ Kc6 32. Re6+ Kc5 33. Ne7 Bb5 34. b3 a4 35. bxa4 Bxa4 36. Rxf6 Rd2 37. a3 Ra2 38. f5 gxf5 39. Rxf5+ Kd6 40. Nd5 b5 41. Nc3 Rxa3 42. Nxb5+ Ke6 43. Nd4+ Kd6 44. Ra5 Ra2 45. Nb5+ 1-0

[Event "EU-chT Seniors 11th"]
[Site "Velden"]
[Date "2009.04.05"]
[Round "1"]
[White "Chernikov, Oleg L"]
[Black "Rost van Tonningen, Otto"]
[Result "1-0"]
[WhiteElo "2388"]
[BlackElo "2049"]
[PlyCount "73"]
[EventDate "2009.04.05"]
[EventType "team-swiss"]
[EventRounds "9"]
[EventCountry "AUT"]
[SourceTitle "CBM 129 Extra"]
[Source "ChessBase"]
[SourceDate "2009.05.05"]
[SourceVersion "2"]
[SourceVersionDate "2009.05.20"]
[SourceQuality "1"]

1. d4 Nf6 2. c4 d6 3. Nf3 Nbd7 4. g3 c6 5. Nc3 Qc7 6. Bg2 e5 7. 0-0 Be7 8. e4 h6 9. h3 g5 10. Nh2 Nf8 11. f4 gxf4 12. gxf4 Ne6 13. Ne2 Nxd4 14. Nxd4 exd4 15. Qxd4 Qb6 16. Qxb6 axb6 17. f5 Nd7 18. a3 Bf6 19. Rd1 Ke7 20. Ng4 Bg5 21. Bd2 Bxd2 22. Rxd2 h5 23. Ne3 Rh6 24. Kf2 Ne5 25. Bf3 Bd7 26. Rg1 Rah8 27. Rg5 f6 28. Rg7+ Kf8 29. Rg1 Nf7 30. Ng2 Rg8 31. h4 Rh7 32. Rgd1 Rhg7 33. Nf4 Ne5 34. Rxd6 Ke8 35. Bxh5+ Ke7 36. Ng6+ Kd8 37. Nxe5 1-0

[Event "Wch Seniors 18th"]
[Site "Bad Zwischenahn"]
[Date "2008.10.28"]
[Round "1"]
[White "Karasev, Vladimir I"]
[Black "Rost van Tonningen, Otto"]
[Result "1/2-1/2"]
[WhiteElo "2412"]
[BlackElo "2050"]
[PlyCount "96"]
[EventDate "2008.10.28"]
[EventType "swiss"]
[EventRounds "11"]
[EventCountry "GER"]
[SourceTitle "EXT 2009"]
[Source "ChessBase"]
[SourceDate "2008.11.26"]
[SourceVersion "1"]
[SourceVersionDate "2008.11.26"]
[SourceQuality "1"]

1. Nf3 Nf6 2. c4 d6 3. d4 Nbd7 4. Nc3 c6 5. g3 e5 6. Bg2 Qc7 7. e4 Be7 8. 0-0 h6 9. h3 g5 10. Be3 Nf8 11. c5 Ng6 12. cxd6 Bxd6 13. Rc1 Qe7 14. dxe5 Nxe5 15. Nxe5 Bxe5 16. f4 gxf4 17. gxf4 Bxc3 18. Rxc3 Nxe4 19. Qd4 Rg8 20. f5 Nxc3 21. bxc3 f6 22. Rf4 Bxf5 23. Rxf5 Rd8 24. Qf4 Rd3 25. Bf2 Rd1+ 26. Kh2 Qd6 27. Rxf6 Qxf4+ 28. Rxf4 Rd2 29. a4 Rc2 30. c4 Kd7 31. Be4 Ra2 32. c5 Ke6 33. Bg2 Rg5 34. h4 Re5 35. Bh3+ Ke7 36. Kg3 Ra3+ 37. Kg2 Ra2 38. Kg1 Ra1+ 39. Bf1 Re6 40. Bd4 Ra2 41. h5 Ke8 42. Bc3 Re3 43. Bc4 Rc2 44. Bf7+ Kd7 45. Bb4 Rg3+ 46. Kf1 Rh3 47. Kg1 Rg3+ 48. Kf1 Rh3 1/2-1/2

[Event "Bayern-chB 79th"]
[Site "Bad Neustadt/Saale"]
[Date "2008.09.04"]
[Round "7"]
[White "Jussupow, Alexander"]
[Black "Rost van Tonningen, Otto"]
[Result "1-0"]
[WhiteElo "2048"]
[BlackElo "1920"]
[PlyCount "65"]
[EventDate "2008.08.30"]
[EventType "swiss"]
[EventRounds "9"]
[EventCountry "GER"]
[SourceTitle "EXT 2015"]
[Source "ChessBase"]
[SourceDate "2014.11.20"]
[SourceVersion "1"]
[SourceVersionDate "2014.11.20"]
[SourceQuality "1"]

1. d4 Nf6 2. Nf3 b5 3. e3 b4 4. c4 e6 5. Bd3 Bb7 6. Nbd2 a5 7. e4 d5 8. cxd5 exd5 9. e5 Nfd7 10. 0-0 Be7 11. e6 fxe6 12. Qe2 Nf8 13. Ne5 g6 14. Nb3 Ba6 15. Bxa6 Rxa6 16. Qf3 Bf6 17. Nc5 Rb6 18. Bg5 Nbd7 19. Ncxd7 Nxd7 20. Nxd7 Bxg5 21. Nxb6 cxb6 22. Rfe1 Kd7 23. Qe2 Qf6 24. Qb5+ Kc7 25. Rad1 Rf8 26. Re2 Qf5 27. Rde1 Rf6 28. a4 h5 29. Qe8 Kd6 30. Qd8+ Kc6 31. Qc8+ Kd6 32. Rc2 Rf7 33. Rc6+ 1-0

[Event "Hessen-ch Seniors op 04th"]
[Site "Bad Sooden-Allendorf"]
[Date "2008.04.25"]
[Round "2"]
[White "Rost van Tonningen, Otto"]
[Black "Lange, Lutz"]
[Result "1/2-1/2"]
[WhiteElo "1945"]
[BlackElo "1695"]
[PlyCount "68"]
[EventDate "2008.04.24"]
[EventType "swiss"]
[EventRounds "9"]
[EventCountry "GER"]
[SourceTitle "EXT 2022"]
[Source "ChessBase"]
[SourceDate "2021.10.06"]
[SourceVersion "1"]
[SourceVersionDate "2021.10.06"]
[SourceQuality "1"]

1. Nc3 d5 2. e4 e6 3. b3 Nf6 4. e5 Nfd7 5. f4 c5 6. Bb2 a6 7. Qg4 Nc6 8. 0-0-0 b5 9. Nf3 Nb6 10. d3 b4 11. Ne2 d4 12. Nd2 Nd5 13. Nc4 g6 14. Ng3 Bh6 15. Nd6+ Kf8 16. Ne2 Nxe5 17. Qh3 Bxf4+ 18. Nxf4 Nxf4 19. Qh6+ Ke7 20. Nxc8+ Rxc8 21. Qxf4 Qd5 22. Be2 a5 23. Rhf1 f5 24. Kb1 h6 25. Bf3 Nxf3 26. Qxf3 Qxf3 27. Rxf3 g5 28. a4 Kf6 29. Rdf1 Rce8 30. Bc1 Kg6 31. g3 Re7 32. R3f2 Rhe8 33. h3 Rf7 34. Bd2 Rh7 1/2-1/2

[Event "GER-ch Seniors Gp-A 19th"]
[Site "Templin"]
[Date "2007.08.31"]
[Round "9"]
[White "Rost van Tonningen, Otto"]
[Black "Weyrauch, Erich"]
[Result "0-1"]
[WhiteElo "1892"]
[BlackElo "2010"]
[PlyCount "50"]
[EventDate "2007.08.23"]
[EventType "swiss"]
[EventRounds "9"]
[EventCountry "GER"]
[SourceTitle "EXT 2022"]
[Source "ChessBase"]
[SourceDate "2021.10.06"]
[SourceVersion "1"]
[SourceVersionDate "2021.10.06"]
[SourceQuality "1"]

1. d4 d5 2. Nf3 Nf6 3. e3 Bg4 4. Bd3 Nbd7 5. h3 Bh5 6. g4 Bg6 7. Bxg6 hxg6 8. Ne5 e6 9. Qf3 Nxe5 10. dxe5 Nd7 11. Qg3 Be7 12. Nd2 c6 13. Nf3 Qb6 14. Kf1 0-0-0 15. Kg2 g5 16. e4 dxe4 17. Nxg5 Bxg5 18. Bxg5 Rde8 19. Qc3 Qc7 20. Bf4 f5 21. Kg3 g6 22. g5 Nb6 23. Qc5 Rd8 24. Rad1 Rxd1 25. Rxd1 Qh7 0-1

[Event "Hessen-ch Seniors op 03rd"]
[Site "Bad Sooden-Allendorf"]
[Date "2007.05.05"]
[Round "8"]
[White "Rost van Tonningen, Otto"]
[Black "Kluever, Horst"]
[Result "1-0"]
[WhiteElo "1923"]
[BlackElo "1693"]
[PlyCount "103"]
[EventDate "2007.04.27"]
[EventType "swiss"]
[EventRounds "9"]
[EventCountry "GER"]
[SourceTitle "EXT 2022"]
[Source "ChessBase"]
[SourceDate "2021.10.06"]
[SourceVersion "1"]
[SourceVersionDate "2021.10.06"]
[SourceQuality "1"]

1. e4 e5 2. Nc3 Nf6 3. Nf3 d6 4. d4 Nbd7 5. Bc4 h6 6. 0-0 Be7 7. h3 a6 8. a4 exd4 9. Nxd4 Ne5 10. Ba2 c5 11. Nf3 Qc7 12. Nxe5 dxe5 13. Qe2 0-0 14. Be3 Qc6 15. Nd5 Nxd5 16. Bxd5 Qg6 17. Kh2 Rb8 18. c4 Bd7 19. f4 exf4 20. Bxf4 Bd6 21. e5 Bc7 22. Rf3 Kh8 23. b3 b5 24. axb5 axb5 25. Ra7 Qb6 26. Rxc7 Qxc7 27. e6 Qa7 28. exd7 Qxd7 29. Bxb8 Rxb8 30. Rxf7 Qd6+ 31. g3 bxc4 32. bxc4 Qg6 33. h4 Qd6 34. Qe6 Rb2+ 35. Kh3 Qxe6+ 36. Bxe6 g6 37. Rc7 Re2 38. Bd5 Re1 39. Rxc5 Kg7 40. Rc7+ Kf8 41. Kg2 Re5 42. Rf7+ Ke8 43. Rf6 Ke7 44. Rxg6 h5 45. Kf3 Rf5+ 46. Ke4 Rf1 47. Rh6 Re1+ 48. Kf4 Rf1+ 49. Bf3 Rc1 50. Be2 Rc2 51. Kf3 Rc3+ 52. Kf2 1-0

[Event "Hessen-ch Seniors op 03rd"]
[Site "Bad Sooden-Allendorf"]
[Date "2007.05.04"]
[Round "7"]
[White "Braeu, Ludwig"]
[Black "Rost van Tonningen, Otto"]
[Result "1-0"]
[WhiteElo "1800"]
[BlackElo "1923"]
[PlyCount "77"]
[EventDate "2007.04.27"]
[EventType "swiss"]
[EventRounds "9"]
[EventCountry "GER"]
[SourceTitle "EXT 2022"]
[Source "ChessBase"]
[SourceDate "2021.10.06"]
[SourceVersion "1"]
[SourceVersionDate "2021.10.06"]
[SourceQuality "1"]

1. Nf3 Nf6 2. c4 c5 3. d4 cxd4 4. Nxd4 b6 5. f3 Bb7 6. e4 d6 7. Be2 e6 8. 0-0 a6 9. Nc3 Be7 10. Be3 Nbd7 11. Qd2 h5 12. h4 Rc8 13. Rac1 Nh7 14. g3 g5 15. hxg5 Nxg5 16. Kf2 h4 17. gxh4 Rxh4 18. Rh1 Rxh1 19. Rxh1 Nf8 20. Na4 Bxe4 21. Rh5 Nfh7 22. f4 Bg6 23. Rxg5 Nxg5 24. fxg5 d5 25. cxd5 b5 26. Nc6 Qd6 27. Bf4 Qxd5 28. Qxd5 exd5 29. Nxe7 Kxe7 30. Nc3 d4 31. Nd5+ Kd8 32. Bd1 a5 33. Be5 d3 34. Bf6+ Ke8 35. Ne7 Rc1 36. Nxg6 Rxd1 37. Nf4 Rd2+ 38. Ke3 Rxb2 39. Bxb2 1-0

[Event "EU-chT Seniors 09th"]
[Site "Dresden"]
[Date "2007.02.20"]
[Round "5"]
[White "Rost van Tonningen, Otto"]
[Black "Kahn, Peter"]
[Result "1-0"]
[WhiteElo "2116"]
[BlackElo "2146"]
[PlyCount "125"]
[EventDate "2007.02.16"]
[EventType "team-swiss"]
[EventRounds "9"]
[EventCountry "GER"]
[SourceTitle "CBM 117 Extra"]
[Source "ChessBase"]
[SourceDate "2007.05.09"]
[SourceVersion "1"]
[SourceVersionDate "2007.05.09"]
[SourceQuality "1"]

1. e4 d5 2. Nc3 dxe4 3. Bc4 Nf6 4. b3 Nc6 5. Bb2 Bf5 6. Nge2 e6 7. Bb5 Be7 8. Bxc6+ bxc6 9. Ng3 0-0 10. Qe2 Rb8 11. Ncxe4 Nxe4 12. Nxe4 Qd5 13. f3 Rfd8 14. 0-0-0 Qa5 15. Kb1 Rb6 16. d3 Ra6 17. a4 c5 18. Nd2 Qb4 19. Nc4 Qb7 20. g4 Bg6 21. h4 h6 22. f4 Bf6 23. Bxf6 gxf6 24. Nb2 c4 25. dxc4 Rxd1+ 26. Rxd1 Be4 27. Qe3 Rd6 28. Rxd6 cxd6 29. Qd4 e5 30. fxe5 fxe5 31. Qe3 Kg7 32. Kc1 f6 33. Nd1 d5 34. Nc3 Bg2 35. cxd5 Bxd5 36. g5 hxg5 37. hxg5 Be6 38. gxf6+ Kxf6 39. Ne4+ Ke7 40. Qc5+ Kd8 41. Qxe5 Bc8 42. Qf6+ Qe7 43. Kd2 Kd7 44. Qxe7+ Kxe7 45. Ke3 Bg4 46. Nc5 Kd6 47. Kd4 Kc6 48. b4 Bd1 49. c4 Be2 50. a5 Kc7 51. b5 Bf1 52. Na6+ Kb7 53. Nb4 Be2 54. Kc5 Bf1 55. a6+ Kb8 56. Nc6+ Ka8 57. Nd4 Kb8 58. Kd5 Bd3 59. c5 Bf1 60. Kd6 Bc4 61. c6 Ka8 62. c7 Be6 63. b6 1-0

[Event "Mecklenburg VP-ch Seniors op 06th"]
[Site "Plau am See"]
[Date "2006.10.10"]
[Round "7"]
[White "Rost van Tonningen, Otto"]
[Black "Pape, Manfred"]
[Result "1/2-1/2"]
[WhiteElo "1951"]
[BlackElo "2035"]
[PlyCount "47"]
[EventDate "2006.10.04"]
[EventType "swiss"]
[EventRounds "9"]
[EventCountry "GER"]
[SourceTitle "EXT 2022"]
[Source "ChessBase"]
[SourceDate "2021.10.06"]
[SourceVersion "1"]
[SourceVersionDate "2021.10.06"]
[SourceQuality "1"]

1. d4 Nf6 2. c4 g6 3. Nc3 Bg7 4. e4 d6 5. f3 0-0 6. Be3 a6 7. Qd2 Nc6 8. Rc1 Re8 9. Nge2 e5 10. d5 Na5 11. b3 c5 12. g4 b5 13. cxb5 axb5 14. Nxb5 Bxg4 15. Bg2 Bc8 16. Ng3 Qb6 17. Bf1 Bd7 18. Nc3 Reb8 19. h4 Qb4 20. Nd1 Nb7 21. Qxb4 cxb4 22. Rh2 Ne8 23. Bd3 Bf8 24. Bb1 1/2-1/2

[Event "Mecklenburg VP-ch Seniors op 06th"]
[Site "Plau am See"]
[Date "2006.10.09"]
[Round "6"]
[White "Kotlar, Alfred"]
[Black "Rost van Tonningen, Otto"]
[Result "1/2-1/2"]
[WhiteElo "1960"]
[BlackElo "1951"]
[PlyCount "145"]
[EventDate "2006.10.04"]
[EventType "swiss"]
[EventRounds "9"]
[EventCountry "GER"]
[SourceTitle "EXT 2022"]
[Source "ChessBase"]
[SourceDate "2021.10.06"]
[SourceVersion "1"]
[SourceVersionDate "2021.10.06"]
[SourceQuality "1"]

1. d4 Nf6 2. Nf3 e6 3. Bf4 b6 4. Nbd2 Bb7 5. e3 Be7 6. h3 0-0 7. Bd3 d5 8. Rc1 c5 9. c3 Nc6 10. 0-0 Nh5 11. Bh2 g6 12. Ne5 Nxe5 13. Bxe5 Bd6 14. Nf3 f6 15. Bh2 Bxh2+ 16. Nxh2 e5 17. Be2 Ng7 18. dxe5 fxe5 19. Ng4 Qe7 20. Qa4 Nf5 21. Bd3 e4 22. Be2 h5 23. Nh2 Rf7 24. Ba6 Bxa6 25. Qxa6 Rd8 26. Rcd1 Qg5 27. Qe2 Nh4 28. f4 exf3 29. Nxf3 Nxf3+ 30. Rxf3 Re8 31. Rxf7 Kxf7 32. Qf3+ Qf5 33. Qxf5+ gxf5 34. Rxd5 Rxe3 35. Rxf5+ Kg6 36. Rf2 Re1+ 37. Kh2 h4 38. g3 hxg3+ 39. Kxg3 Re7 40. Kg4 Re1 41. Rh2 Re4+ 42. Kf3 Rh4 43. b3 b5 44. Rg2+ Kf5 45. Rg3 Rh7 46. Ke2 Kf4 47. Rf3+ Ke4 48. Kf2 Rd7 49. h4 Rd2+ 50. Kg3 Rxa2 51. h5 Ra6 52. Kg4 Rc6 53. Rh3 Rc8 54. h6 Rg8+ 55. Kh5 a5 56. h7 Ra8 57. Kg5 a4 58. bxa4 bxa4 59. h8Q Rxh8 60. Rxh8 Kd3 61. Ra8 Kxc3 62. Rxa4 c4 63. Kf4 Kd3 64. Ra8 c3 65. Rd8+ Ke2 66. Ke4 c2 67. Rc8 Kd2 68. Rd8+ Ke2 69. Rc8 Kd2 70. Rd8+ Ke2 71. Rh8 c1Q 72. Rh2+ Kd1 73. Rh1+ 1/2-1/2

[Event "Mecklenburg VP-ch Seniors op 06th"]
[Site "Plau am See"]
[Date "2006.10.07"]
[Round "4"]
[White "Bornemann, Anton"]
[Black "Rost van Tonningen, Otto"]
[Result "1/2-1/2"]
[WhiteElo "1730"]
[BlackElo "1951"]
[PlyCount "65"]
[EventDate "2006.10.04"]
[EventType "swiss"]
[EventRounds "9"]
[EventCountry "GER"]
[SourceTitle "EXT 2022"]
[Source "ChessBase"]
[SourceDate "2021.10.06"]
[SourceVersion "1"]
[SourceVersionDate "2021.10.06"]
[SourceQuality "1"]

1. e4 c5 2. Nc3 e6 3. Nf3 a6 4. d4 cxd4 5. Nxd4 Bc5 6. Nf3 Ne7 7. Bd3 Nbc6 8. 0-0 Qc7 9. Kh1 b5 10. Ne1 Bb7 11. f4 f5 12. a3 0-0-0 13. Bd2 d5 14. exd5 exd5 15. Rb1 d4 16. Ne2 g6 17. b4 Bd6 18. c4 dxc3 19. Nxc3 Kb8 20. a4 Nxb4 21. axb5 a5 22. Be2 Bc5 23. Qc1 Rc8 24. Nf3 Rhd8 25. Na4 Qd6 26. Bc3 Na2 27. Be5 Nxc1 28. Rbxc1 Qxe5 29. Nxe5 Be3 30. Rxc8+ Rxc8 31. Nc6+ Bxc6 32. bxc6 Kc7 33. Bf3 1/2-1/2

[Event "Mecklenburg VP-ch Seniors op 06th"]
[Site "Plau am See"]
[Date "2006.10.04"]
[Round "1"]
[White "Rost van Tonningen, Otto"]
[Black "Klose, Hans Peter"]
[Result "1-0"]
[WhiteElo "1951"]
[BlackElo "1429"]
[PlyCount "31"]
[EventDate "2006.10.04"]
[EventType "swiss"]
[EventRounds "9"]
[EventCountry "GER"]
[SourceTitle "EXT 2022"]
[Source "ChessBase"]
[SourceDate "2021.10.06"]
[SourceVersion "1"]
[SourceVersionDate "2021.10.06"]
[SourceQuality "1"]

1. e4 c5 2. a3 g6 3. Nc3 Bg7 4. Bc4 e6 5. d3 Nc6 6. Nge2 Nge7 7. Na2 0-0 8. Nf4 b6 9. h4 Bb7 10. h5 e5 11. hxg6 exf4 12. gxf7+ Kh8 13. Qh5 h6 14. Bxf4 Nf5 15. Qxf5 Nd4 16. Rxh6+ 1-0

[Event "Bad Wildungen Seniors op 3rd"]
[Site "Bad Wildungen"]
[Date "2006.08.08"]
[Round "9"]
[White "Rost van Tonningen, Otto"]
[Black "Scherer, Klaus"]
[Result "1/2-1/2"]
[WhiteElo "1964"]
[BlackElo "2023"]
[PlyCount "25"]
[EventDate "2006.07.31"]
[EventType "swiss"]
[EventRounds "9"]
[EventCountry "GER"]
[SourceTitle "EXT 2007"]
[Source "ChessBase"]
[SourceDate "2006.11.23"]
[SourceVersion "1"]
[SourceVersionDate "2006.11.23"]
[SourceQuality "1"]

1. e4 d6 2. d4 Nf6 3. Bd3 e5 4. c3 Nc6 5. Ne2 d5 6. exd5 Qxd5 7. 0-0 exd4 8. Nf4 Qd6 9. Re1+ Be7 10. cxd4 Nxd4 11. Nc3 Bg4 12. f3 Bd7 13. Be3 1/2-1/2